[Event "TCh-CHN Division A 2014"]
[Site "Jiaxing CHN"]
[Date "2014.09.11"]
[Round "13.1"]
[White "Fang, Yuxiang"]
[Black "Yu, Yangyi"]
[Result "1/2-1/2"]
[BlackTitle "GM"]
[WhiteElo "2324"]
[BlackElo "2705"]
[WhiteTeam "Qingdao Qingwei"]
[BlackTeam "Beijing"]
[WhiteFideId "8605840"]
[BlackFideId "8603820"]
[EventDate "2014.04.12"]

1. d4 d6 2. Nf3 g6 3. c4 Bg7 4. Nc3 Nc6 5. d5 Ne5 6. Nxe5 Bxe5 7. e4 f5 8. Bd3
Nf6 9. exf5 Bxf5 10. Bxf5 Bxc3+ 11. bxc3 gxf5 12. Bg5 O-O 13. Bxf6 Rxf6 14. O-O
Qd7 15. Qd4 c5 16. Qd3 f4 17. f3 Kh8 18. Rae1 Rg8 19. Kh1 Rg5 20. Re2 Re5 21.
Rfe1 Qf5 22. Qxf5 Rfxf5 23. Kg1 Kg7 24. Rxe5 dxe5 25. Kf2 Rh5 26. a4 b6 27. a5
bxa5 28. Ra1 Rxh2 29. Rxa5 Rh1 30. Rxa7 Kf6 31. Rc7 Rc1 32. Rxc5 1/2-1/2

[Event "TCh-CHN Division A 2014"]
[Site "Jiaxing CHN"]
[Date "2014.09.11"]
[Round "13.1"]
[White "Li, Wenxiang"]
[Black "Wang, Yiye"]
[Result "0-1"]
[BlackTitle "IM"]
[WhiteElo "1846"]
[BlackElo "2422"]
[WhiteTeam "Qingdao Qingwei"]
[BlackTeam "Beijing"]
[WhiteFideId "8609748"]
[BlackFideId "8606021"]
[EventDate "2014.04.12"]

1. d4 d5 2. c4 c6 3. cxd5 cxd5 4. Bf4 Nc6 5. e3 Nf6 6. Nc3 a6 7. Bd3 g6 8. h3
Bg7 9. Nf3 O-O 10. a3 b5 11. O-O Bb7 12. b4 e6 13. Qb3 Qe7 14. Ne5 Ne4 15. Nxc6
Bxc6 16. Bxe4 dxe4 17. Rfd1 Rfd8 18. Bg3 Rac8 19. Rac1 Qb7 20. Qb1 g5 21. Rc2
Bd5 22. Nxd5 exd5 23. Rxc8 Rxc8 24. Bd6 Qd7 25. Bc5 f5 26. Qb3 f4 27. Re1 f3 28.
gxf3 exf3 29. e4 Qxh3 30. Qxd5+ Kh8 31. Qxg5 Rg8 32. e5 Bh6 0-1

[Event "TCh-CHN Division A 2014"]
[Site "Jiaxing CHN"]
[Date "2014.09.11"]
[Round "13.1"]
[White "Zhou, Jiangnan"]
[Black "Xiu, Deshun"]
[Result "1/2-1/2"]
[BlackTitle "GM"]
[WhiteElo "2100"]
[BlackElo "2553"]
[WhiteTeam "Qingdao Qingwei"]
[BlackTeam "Beijing"]
[WhiteFideId "8609918"]
[BlackFideId "8603693"]
[EventDate "2014.04.12"]

1. d4 Nf6 2. c4 e6 3. Nc3 Bb4 4. f3 c5 5. d5 b5 6. e4 O-O 7. e5 Ne8 8. dxe6 fxe6
9. cxb5 a6 10. Bd3 axb5 11. f4 c4 12. Bc2 d5 13. Nf3 Nc6 14. Be3 g6 15. O-O Rb8
16. Ne2 Ng7 17. g4 Be7 18. Ned4 Nxd4 19. Nxd4 Qc7 20. Kg2 b4 21. h4 Bxh4 22. Rh1
Bd8 23. Rh6 b3 24. axb3 cxb3 25. Bd3 Rb4 26. Rc1 Qb7 27. Rxh7 Kxh7 28. Qh1+ Kg8
29. Bxg6 Ne8 30. Rxc8 Bb6 31. Rb8 Qg7 32. Nc6 Bxe3 33. Rxb4 Bc5 34. Qh5 Bxb4 35.
Nxb4 Rxf4 36. Nc6 Nd6 37. Qh7+ Qxh7 38. Bxh7+ Kf8 39. exd6 Rxg4+ 40. Kf3 Rg7 41.
Bd3 Rd7 42. Kf4 Rxd6 43. Nd4 Ke7 1/2-1/2

[Event "TCh-CHN Division A 2014"]
[Site "Jiaxing CHN"]
[Date "2014.09.11"]
[Round "13.1"]
[White "Wang, Jue"]
[Black "Gao, Hanxue"]
[Result "1-0"]
[WhiteTitle "WGM"]
[WhiteElo "2353"]
[BlackElo "1766"]
[WhiteTeam "Beijing"]
[BlackTeam "Qingdao Qingwei"]
[WhiteFideId "8604070"]
[BlackFideId "8608873"]
[EventDate "2014.04.12"]

1. e4 c6 2. d4 d5 3. Nd2 dxe4 4. Nxe4 Bf5 5. Ng3 Bg6 6. h4 h6 7. Nf3 Nd7 8. h5
Bh7 9. Bd3 Bxd3 10. Qxd3 e6 11. Bf4 Qa5+ 12. Bd2 Qc7 13. O-O-O Ngf6 14. Ne4
O-O-O 15. g3 Nxe4 16. Qxe4 Bd6 17. Qe2 c5 18. dxc5 Nxc5 19. Rh4 Kb8 20. Rc4 Qe7
21. Ba5 Rc8 22. Rcd4 Bc7 23. Bb4 Bb6 24. Ne5 Rhd8 25. Rxd8 Rxd8 26. Rxd8+ Qxd8
27. Nxf7 Qf6 28. Ne5 Kc7 29. Bd2 Kd6 30. b4 Na6 31. Qd3+ 1-0

[Event "TCh-CHN Division A 2014"]
[Site "Jiaxing CHN"]
[Date "2014.09.11"]
[Round "13.1"]
[White "Zhao, Xue"]
[Black "Yang, Yingxia"]
[Result "1-0"]
[WhiteTitle "GM"]
[WhiteElo "2514"]
[BlackElo "1827"]
[WhiteTeam "Beijing"]
[BlackTeam "Qingdao Qingwei"]
[WhiteFideId "8601283"]
[BlackFideId "8609837"]
[EventDate "2014.04.12"]

1. d4 Nf6 2. c4 e6 3. Nf3 d5 4. Nc3 Be7 5. Bg5 c6 6. e3 O-O 7. Qc2 Nbd7 8. O-O-O
a6 9. h4 b5 10. c5 b4 11. Na4 a5 12. Bf4 Ba6 13. Bxa6 Rxa6 14. Rdg1 Ne4 15. g4
Nef6 16. h5 Ne8 17. g5 g6 18. Ne5 Nxe5 19. Bxe5 Ng7 20. hxg6 hxg6 21. f4 Nh5 22.
Rxh5 gxh5 23. Qe2 1-0

[Event "TCh-CHN Division A 2014"]
[Site "Jiaxing CHN"]
[Date "2014.09.11"]
[Round "13.2"]
[White "Lou, Yiping"]
[Black "Xu, Xiangyu CHN"]
[Result "1/2-1/2"]
[WhiteTitle "IM"]
[WhiteElo "2461"]
[BlackElo "2277"]
[WhiteTeam "Shanghai"]
[BlackTeam "Chengdu"]
[WhiteFideId "8603928"]
[BlackFideId "8608288"]
[EventDate "2014.04.12"]

1. d4 f5 2. g3 Nf6 3. Bg2 d5 4. Nf3 e6 5. O-O Bd6 6. b3 Qe7 7. c4 c6 8. Bb2 O-O
9. Ne5 Nbd7 10. Nd2 Ne4 11. Ndf3 Ng5 12. Nd3 b6 13. Rc1 Bb7 14. Rc2 Nf7 15. Qa1
Rfe8 16. Rfc1 Rac8 17. Nfe5 Bb8 18. cxd5 cxd5 19. Rxc8 Rxc8 20. Rxc8+ Bxc8 21.
Nc6 Qd6 22. Qc1 Bb7 23. Nxb8 Nxb8 24. Nf4 Na6 25. Ba3 Qd7 26. h3 Nc7 27. g4 fxg4
28. hxg4 e5 29. dxe5 Nxe5 30. g5 Nb5 31. Bb2 d4 32. Bxb7 Qxb7 33. a4 Nd6 34.
Bxd4 Nef7 35. Qe3 Qc8 36. Nd5 Qg4+ 37. Kf1 Qh4 38. f3 Qxg5 39. Ne7+ Kf8 40. Nc6
Qxe3 41. Bxe3 Nc8 42. b4 Ke8 43. Bd4 g6 44. e4 Kd7 45. b5 Nd8 46. Nxd8 Kxd8 47.
Kf2 Kd7 48. Kg3 Ke6 49. Kg4 1/2-1/2

[Event "TCh-CHN Division A 2014"]
[Site "Jiaxing CHN"]
[Date "2014.09.11"]
[Round "13.2"]
[White "Ni, Hua"]
[Black "Li, Di"]
[Result "1-0"]
[WhiteTitle "GM"]
[BlackTitle "FM"]
[WhiteElo "2677"]
[BlackElo "2209"]
[WhiteTeam "Shanghai"]
[BlackTeam "Chengdu"]
[WhiteFideId "8601160"]
[BlackFideId "8607508"]
[EventDate "2014.04.12"]

1. c4 c5 2. Nf3 g6 3. e4 Bg7 4. d4 cxd4 5. Nxd4 Nc6 6. Be3 Nf6 7. Nc3 O-O 8. Be2
Nxd4 9. Bxd4 d6 10. O-O Bd7 11. Qd2 Bc6 12. f3 a5 13. b3 Nd7 14. Be3 Nc5 15.
Rab1 Qb6 16. Rfc1 Rfc8 17. Rc2 Qd8 18. Kh1 h5 19. Rd1 Qf8 20. Nd5 Qd8 21. Bg5
Bxd5 22. cxd5 Qd7 23. Rdc1 b5 24. Be3 b4 25. Qd1 Bc3 26. Qf1 Rab8 27. Bxc5 Rxc5
28. a4 Qc8 29. Ba6 Qf8 30. f4 Qg7 31. Qe2 Kh7 32. g3 Rh8 33. h4 Re8 34. Bb5 Rec8
35. Kg2 Kg8 36. Bc6 Rf8 37. Bb5 Rfc8 38. Rf1 Bd4 39. Rxc5 Rxc5 40. Bc4 Bc3 41.
Kh3 Rc7 42. Rd1 Rc5 43. Qe3 Qf8 44. Kg2 Qc8 45. Qe2 Qc7 46. Rf1 Qc8 47. e5 Qf5
48. e6 Rxd5 49. exf7+ Kf8 50. Bxd5 Qxd5+ 51. Qf3 Qxf3+ 52. Kxf3 e6 53. g4 hxg4+
54. Kxg4 Kxf7 55. Rh1 d5 56. h5 gxh5+ 57. Rxh5 Bf6 58. Rh7+ Ke8 59. Ra7 Bd8 60.
f5 exf5+ 61. Kxf5 1-0

[Event "TCh-CHN Division A 2014"]
[Site "Jiaxing CHN"]
[Date "2014.09.11"]
[Round "13.2"]
[White "Zhou, Jianchao"]
[Black "Liu, Guanchu"]
[Result "1-0"]
[WhiteTitle "GM"]
[BlackTitle "IM"]
[WhiteElo "2590"]
[BlackElo "2409"]
[WhiteTeam "Shanghai"]
[BlackTeam "Chengdu"]
[WhiteFideId "8603537"]
[BlackFideId "8603901"]
[EventDate "2014.04.12"]

1. d4 f5 2. Nf3 Nf6 3. g3 g6 4. Bg2 Bg7 5. O-O O-O 6. b3 d6 7. Bb2 Qe8 8. c4 Ne4
9. Nbd2 c6 10. Qc2 Nxd2 11. Nxd2 Na6 12. d5 e5 13. dxe6 Bxb2 14. Qxb2 Bxe6 15.
b4 Nc7 16. a4 d5 17. b5 dxc4 18. bxc6 bxc6 19. Qc2 Qf7 20. Rac1 Nd5 21. Nxc4 Nb4
22. Qd2 Bxc4 23. Qxb4 Bd5 24. Bxd5 cxd5 25. e3 Rab8 26. Qa5 Rb7 27. Rfd1 Rd7 28.
Rd4 Rfd8 29. Rc5 Qe6 30. Kg2 Kf7 31. h4 h5 32. Qc3 Rd6 33. Kh2 R6d7 34. a5 Rd6
35. Rb4 R8d7 36. Rc8 d4 37. Rxd4 Rxd4 38. exd4 Qa2 39. Qe3 Re7 40. Qf3 Qxa5 41.
Qb3+ Kg7 42. Qg8+ Kh6 43. Qh8+ Rh7 44. Qf6 Qd2 45. Kg2 1-0

[Event "TCh-CHN Division A 2014"]
[Site "Jiaxing CHN"]
[Date "2014.09.11"]
[Round "13.2"]
[White "Ren, Xiaoyi"]
[Black "Zhang, Xiaowen"]
[Result "0-1"]
[BlackTitle "WGM"]
[WhiteElo "2130"]
[BlackElo "2355"]
[WhiteTeam "Chengdu"]
[BlackTeam "Shanghai"]
[WhiteFideId "8608709"]
[BlackFideId "8603219"]
[EventDate "2014.04.12"]

1. d4 Nf6 2. c4 e6 3. g3 d5 4. Bg2 dxc4 5. Qa4+ Nbd7 6. Nf3 a6 7. Nc3 Rb8 8.
Qxc4 b5 9. Qd3 Bb7 10. a3 c5 11. Bf4 Rc8 12. O-O cxd4 13. Qxd4 Bc5 14. Qd3 O-O
15. e4 Be7 16. Rfd1 Nc5 17. Qe2 Qb6 18. Nd4 Rfd8 19. Be3 Qc7 20. Rac1 Qb8 21.
Bf4 Qa8 22. f3 Rxd4 23. Rxd4 Nb3 24. Rdd1 Nxc1 25. Bxc1 Bxa3 26. bxa3 Rxc3 27.
Bb2 Rc8 28. Bxf6 gxf6 29. Qe3 Rd8 30. Rc1 Rd7 31. Rc5 Qd8 32. h3 Rd3 33. Qf2
Rxa3 34. Kh2 Rd3 35. h4 b4 36. Qb2 a5 37. h5 h6 38. Qc1 Rd2 39. e5 Qd3 40. exf6
Bxf3 41. Kh3 Bxg2+ 42. Kh4 Qd4+ 43. g4 Qf2# 0-1

[Event "TCh-CHN Division A 2014"]
[Site "Jiaxing CHN"]
[Date "2014.09.11"]
[Round "13.2"]
[White "Li, Yunshan"]
[Black "Ju, Wenjun"]
[Result "0-1"]
[WhiteTitle "WFM"]
[BlackTitle "WGM"]
[WhiteElo "1951"]
[BlackElo "2582"]
[WhiteTeam "Chengdu"]
[BlackTeam "Shanghai"]
[WhiteFideId "8607664"]
[BlackFideId "8603006"]
[EventDate "2014.04.12"]

1. d4 Nf6 2. c4 e6 3. g3 c5 4. d5 exd5 5. cxd5 d6 6. Nc3 g6 7. Bg2 Bg7 8. Nf3
O-O 9. O-O Re8 10. Nd2 a6 11. a4 Nbd7 12. Nc4 Ne5 13. Nxe5 Rxe5 14. e4 Re8 15.
Re1 Bd7 16. a5 Ng4 17. Qc2 Bd4 18. Re2 Qf6 19. h3 Ne5 20. Bf4 h5 21. Bxe5 Qxe5
22. Kh2 h4 23. Qd3 hxg3+ 24. Qxg3 Qxg3+ 25. fxg3 Rab8 26. Na4 f5 27. Nc3 b5 28.
axb6 Rxb6 29. Ra2 Be5 30. exf5 gxf5 31. Rf2 Bd4 32. Rf1 Reb8 33. Ne2 Rxb2 34.
Rxb2 Bxb2 35. Nc1 a5 36. Na2 a4 37. Rf3 Be5 38. Nc1 c4 39. Ne2 Rb2 40. Re3 Rb3 0-1

[Event "TCh-CHN Division A 2014"]
[Site "Jiaxing CHN"]
[Date "2014.09.11"]
[Round "13.3"]
[White "Zhou, Weiqi"]
[Black "Malakhov, Vladimir"]
[Result "1/2-1/2"]
[WhiteTitle "GM"]
[BlackTitle "GM"]
[WhiteElo "2614"]
[BlackElo "2708"]
[WhiteTeam "Chongqing"]
[BlackTeam "Tianjing"]
[WhiteFideId "8601674"]
[BlackFideId "4120787"]
[EventDate "2014.04.12"]

1. d4 d5 2. c4 c6 3. Nc3 Nf6 4. cxd5 cxd5 5. Bf4 Nc6 6. e3 e6 7. Bd3 Be7 8. Rc1
O-O 9. a3 Bd7 10. h3 a6 11. Nf3 b5 12. O-O b4 13. axb4 Nxb4 14. Bb1 Qa5 15. Ne5
Rfc8 16. Nxd7 Nxd7 17. e4 Nb6 18. Qf3 Bf8 19. Rfe1 g6 20. Be5 Bg7 21. exd5 N4xd5
22. Be4 Rd8 23. Nxd5 Nxd5 24. Re2 Rac8 25. Rxc8 Rxc8 26. Bxd5 Qxd5 27. Qxd5 exd5
28. Bxg7 Kxg7 29. Re5 Rc1+ 30. Kh2 Rc2 31. Kg3 1/2-1/2

[Event "TCh-CHN Division A 2014"]
[Site "Jiaxing CHN"]
[Date "2014.09.11"]
[Round "13.3"]
[White "Wang, Chen"]
[Black "Wang, Yue"]
[Result "1/2-1/2"]
[WhiteTitle "IM"]
[BlackTitle "GM"]
[WhiteElo "2508"]
[BlackElo "2711"]
[WhiteTeam "Chongqing"]
[BlackTeam "Tianjing"]
[WhiteFideId "8601020"]
[BlackFideId "8601429"]
[EventDate "2014.04.12"]

1. e4 c5 2. Nf3 e6 3. g3 Nc6 4. Bg2 Nf6 5. Qe2 e5 6. O-O Be7 7. c3 O-O 8. Na3 d5
9. exd5 Qxd5 10. Ne1 Bg4 11. f3 Be6 12. f4 e4 13. d3 Bf5 14. dxe4 Bxe4 15. Bxe4
Nxe4 16. Nf3 Rfe8 17. Rd1 Qe6 18. Re1 Bf6 19. Nd2 Nd6 20. Qxe6 Rxe6 21. Rxe6
fxe6 22. Nac4 Nxc4 23. Nxc4 b5 24. Nd6 b4 25. Be3 bxc3 26. bxc3 Bxc3 27. Rc1 Nd4
28. Kg2 Bb4 29. Ne4 Rd8 30. Nxc5 Nf5 31. Bf2 Rc8 1/2-1/2

[Event "TCh-CHN Division A 2014"]
[Site "Jiaxing CHN"]
[Date "2014.09.11"]
[Round "13.3"]
[White "Zvjaginsev, Vadim"]
[Black "Ma, Qun"]
[Result "1/2-1/2"]
[WhiteTitle "GM"]
[BlackTitle "GM"]
[WhiteElo "2655"]
[BlackElo "2621"]
[WhiteTeam "Chongqing"]
[BlackTeam "Tianjing"]
[WhiteFideId "4113403"]
[BlackFideId "8603154"]
[EventDate "2014.04.12"]

1. c4 e5 2. Nc3 Nf6 3. Nf3 Nc6 4. g3 Bb4 5. Bg2 Bxc3 6. bxc3 O-O 7. O-O e4 8.
Ne1 Re8 9. f3 exf3 10. Nxf3 d5 11. cxd5 Qxd5 12. Bb2 Qb5 13. Qb3 Qxb3 14. axb3
Rxe2 15. b4 Be6 16. b5 Nd8 17. Ra4 Bb3 18. Rh4 Ne6 19. Nd4 Nxd4 20. Rxd4 Rb8 21.
Ra1 a6 22. bxa6 bxa6 23. Bf1 Re4 24. Rb4 Rexb4 25. cxb4 Nd5 26. Rxa6 Nxb4 27.
Ra7 Nd5 28. Be5 h6 29. Bxc7 Nxc7 30. Rxc7 Rd8 1/2-1/2

[Event "TCh-CHN Division A 2014"]
[Site "Jiaxing CHN"]
[Date "2014.09.11"]
[Round "13.3"]
[White "Ni, Shiqun"]
[Black "Huang, Qian"]
[Result "1/2-1/2"]
[WhiteTitle "WIM"]
[BlackTitle "WGM"]
[WhiteElo "2262"]
[BlackElo "2464"]
[WhiteTeam "Tianjing"]
[BlackTeam "Chongqing"]
[WhiteFideId "8608466"]
[BlackFideId "8602689"]
[EventDate "2014.04.12"]

1. e4 g6 2. d4 Bg7 3. Nf3 c6 4. Nc3 d6 5. Be2 Nf6 6. O-O O-O 7. a4 Nbd7 8. a5 e5
9. d5 cxd5 10. exd5 a6 11. Nd2 b5 12. axb6 Nxb6 13. Nb3 Qc7 14. Na5 Nfd7 15. Be3
f5 16. f3 Nf6 17. Ra3 Bd7 18. Qd2 Be8 19. Rfa1 Bf7 20. Rb3 Nfd7 21. Rb4 Rfe8 22.
Nc4 Nxc4 23. Rxc4 Qb7 24. Rc6 Qxb2 25. Rb1 Qa3 26. Rc7 Rac8 27. Rxd7 Rxc3 28.
Rbb7 Rf8 29. Bf2 Rcc8 30. c4 Rcd8 31. Rdc7 Rc8 32. Rd7 Rcd8 33. Rdc7 Rc8 1/2-1/2

[Event "TCh-CHN Division A 2014"]
[Site "Jiaxing CHN"]
[Date "2014.09.11"]
[Round "13.3"]
[White "Khotenashvili, Bela"]
[Black "Tan, Zhongyi"]
[Result "1/2-1/2"]
[WhiteTitle "GM"]
[BlackTitle "WGM"]
[WhiteElo "2504"]
[BlackElo "2465"]
[WhiteTeam "Tianjing"]
[BlackTeam "Chongqing"]
[WhiteFideId "13602640"]
[BlackFideId "8603642"]
[EventDate "2014.04.12"]

1. g3 d5 2. Nf3 Nf6 3. Bg2 g6 4. b3 Bg7 5. Bb2 c5 6. c4 d4 7. b4 O-O 8. O-O Re8
9. bxc5 e5 10. d3 Nfd7 11. Ba3 Qa5 12. Nfd2 Nxc5 13. Nb3 Nxb3 14. axb3 Qc7 15.
Nd2 a5 16. Ne4 Nc6 17. Nd6 Rd8 18. Nb5 Qb8 19. Qd2 Be6 20. Ra2 Rd7 21. Rfa1 Qd8
22. Bc5 Rc8 23. Rb1 b6 24. Ba3 Bf8 25. Bxf8 Kxf8 26. Bxc6 Rxc6 27. b4 axb4 28.
Qxb4+ Kg7 29. Rba1 Bh3 30. Ra7 Rxa7 31. Rxa7 Qg5 32. Qe1 h5 33. Ra1 Qg4 34. Qd2
Qf5 35. f3 Qf6 36. Qe1 Qg5 1/2-1/2

[Event "TCh-CHN Division A 2014"]
[Site "Jiaxing CHN"]
[Date "2014.09.11"]
[Round "13.5"]
[White "Ding, Liren"]
[Black "Lin, Chen"]
[Result "1/2-1/2"]
[WhiteTitle "GM"]
[BlackTitle "IM"]
[WhiteElo "2730"]
[BlackElo "2463"]
[WhiteTeam "Zhejiang"]
[BlackTeam "Jiangsu"]
[WhiteFideId "8603677"]
[BlackFideId "8602298"]
[EventDate "2014.04.12"]

1. c4 Nf6 2. d4 g6 3. Nc3 Bg7 4. e4 d6 5. Nf3 O-O 6. h3 e5 7. d5 a5 8. Be3 Na6
9. Nd2 Nd7 10. g4 f5 11. gxf5 gxf5 12. exf5 Ndc5 13. Nde4 Bxf5 14. Bg2 Qh4 15.
Bg5 Nd3+ 16. Ke2 Qh5+ 17. Bf3 Qxf3+ 18. Kxf3 Bxe4+ 19. Ke3 Nxf2 20. Qg1 Bxh1 21.
Bh6 Rf3+ 22. Kd2 Rf7 23. Bxg7 Rxg7 24. Qxf2 Rf8 25. Qe3 Rf3 26. Qa7 Bg2 27. Ne4
Rf8 28. Re1 Bxe4 29. Rxe4 Nc5 30. Rg4 Rxg4 31. hxg4 a4 32. Ke3 Rf7 33. Qa5 Kg7
34. Qb5 e4 35. Qe8 h6 36. Ke2 b6 37. Qd8 Rd7 38. Qh4 Rf7 39. Ke3 Rf3+ 40. Kd2
Rf8 41. Kc3 Re8 42. g5 hxg5 43. Qxg5+ Kf7 44. b4 axb3 45. axb3 e3 46. Qf4+ Kg7
47. Qg5+ Kf7 48. Qf4+ Kg7 1/2-1/2

[Event "TCh-CHN Division A 2014"]
[Site "Jiaxing CHN"]
[Date "2014.09.11"]
[Round "13.5"]
[White "Guo, Qi"]
[Black "Zhu, Chen"]
[Result "1/2-1/2"]
[WhiteTitle "WGM"]
[BlackTitle "GM"]
[WhiteElo "2458"]
[BlackElo "2447"]
[WhiteTeam "Jiangsu"]
[BlackTeam "Zhejiang"]
[WhiteFideId "8604002"]
[BlackFideId "8600546"]
[EventDate "2014.04.12"]

1. d4 Nf6 2. Nf3 e6 3. c4 b6 4. g3 Ba6 5. Qa4 Bb7 6. Bg2 c5 7. dxc5 Bxc5 8. O-O
O-O 9. Nc3 Be7 10. Rd1 Na6 11. Bf4 Nc5 12. Qc2 Qc8 13. Rac1 Nce4 14. Ne5 Nxc3
15. Qxc3 h6 16. Bxb7 Qxb7 17. Qf3 Qxf3 18. Nxf3 Rac8 19. Be5 Rfd8 20. Bxf6 Bxf6
21. b3 Kf8 22. a4 Ke8 23. Kg2 Rc5 24. e4 Be7 25. Rd3 d5 26. exd5 exd5 27. Nd2
dxc4 28. Rxd8+ Kxd8 29. Nxc4 Rd5 30. Kf1 Bc5 31. Ke2 Ke7 32. Rc3 Ke6 33. h4 h5
34. Ne3 Re5 35. Rc4 a5 36. Kd3 f6 37. Ke2 g5 38. Kd3 Bxe3 39. fxe3 Kf5 40. Rc6
b5 41. e4+ Kg4 42. Rxf6 bxa4 43. bxa4 Kxg3 44. Kd4 Re8 45. hxg5 h4 46. Rh6 Rg8
47. g6 Kg4 48. e5 Kg5 49. Rh7 Rxg6 50. Kd5 Rh6 51. Rg7+ Kf4 52. e6 h3 53. Rg1 h2
54. Rf1+ Kg3 55. e7 Rh8 56. Kd6 Kg2 57. Re1 h1=Q 58. Rxh1 Kxh1 59. Kd7 Kg2 60.
e8=Q Rxe8 61. Kxe8 Kf3 62. Kd7 Ke4 63. Kc6 Ke5 1/2-1/2

[Event "TCh-CHN Division A 2014"]
[Site "Jiaxing CHN"]
[Date "2014.09.12"]
[Round "14.1"]
[White "Wang, Doudou"]
[Black "Guo, Qi"]
[Result "1/2-1/2"]
[WhiteTitle "WIM"]
[BlackTitle "WGM"]
[WhiteElo "2215"]
[BlackElo "2458"]
[WhiteTeam "Hebei"]
[BlackTeam "Jiangsu"]
[WhiteFideId "8603197"]
[BlackFideId "8604002"]
[EventDate "2014.04.12"]

1. d4 Nf6 2. c4 e6 3. Nf3 d5 4. Nc3 Bb4 5. cxd5 exd5 6. Qa4+ Nc6 7. Bg5 h6 8.
Bxf6 Qxf6 9. e3 O-O 10. a3 Bd6 11. Be2 Be6 12. Nb5 Bg4 13. Rc1 a6 14. Nxd6 Qxd6
15. Qc2 Rfc8 16. O-O Ne7 17. b4 a5 18. h3 Be6 19. Qc5 axb4 20. axb4 Ra2 21. Bd3
b6 22. Qc3 Ra4 23. Rb1 Rca8 24. Rfc1 Ra3 25. Qxc7 Nc8 26. Qc2 Ra2 27. Rb2 R2a4
28. Qc3 Ne7 29. Qc7 Nc8 30. Qc3 Ne7 31. Qc7 Nc8 32. Qc3 1/2-1/2

[Event "TCh-CHN Division A 2014"]
[Site "Jiaxing CHN"]
[Date "2014.09.12"]
[Round "14.1"]
[White "Zhai, Mo"]
[Black "Shen, Yang"]
[Result "1-0"]
[WhiteTitle "WIM"]
[BlackTitle "IM"]
[WhiteElo "2325"]
[BlackElo "2475"]
[WhiteTeam "Hebei"]
[BlackTeam "Jiangsu"]
[WhiteFideId "8600201"]
[BlackFideId "8603162"]
[EventDate "2014.04.12"]

1. d4 d5 2. c4 dxc4 3. Nf3 a6 4. e3 Be6 5. Nbd2 Nf6 6. Bxc4 Bxc4 7. Nxc4 e6 8.
O-O c5 9. dxc5 Bxc5 10. Qxd8+ Kxd8 11. b4 Be7 12. Nb6 Ra7 13. e4 Nc6 14. Be3
Bxb4 15. Rab1 a5 16. Nc4 Ra8 17. a3 Be7 18. Rfd1+ Ke8 19. Rxb7 Nxe4 20. Rc7 Rd8
21. Re1 Nb8 22. Ba7 Nc3 23. Nxa5 Nb5 24. Rb7 Nxa7 25. Rxa7 Bc5 26. Rb7 Bxa3 27.
Ne5 Rf8 28. g3 g5 29. Reb1 Nd7 30. Nec6 Rc8 31. Rd1 Nf6 32. Rc7 Ra8 33. Nc4 Nd5
34. Rxd5 exd5 35. Nxa3 Rg8 36. Nb5 Rg6 37. Nbd4 Ra4 38. Nf3 Re4 39. Nfe5 Rxc6
40. Nxc6 Rc4 41. Kf1 Rc2 42. Re7+ Kf8 43. Nd4 Rxf2+ 44. Kxf2 Kxe7 45. g4 Kf6 46.
Ke3 h6 47. h3 Ke5 48. Nf5 h5 49. Nd4 hxg4 50. hxg4 Kd6 51. Nf3 f6 52. Nd4 Kc5
53. Kd3 Kd6 54. Nf5+ Kc5 55. Kc3 Kb5 56. Kd4 Kc6 57. Ne7+ 1-0

[Event "TCh-CHN Division A 2014"]
[Site "Jiaxing CHN"]
[Date "2014.09.12"]
[Round "14.1"]
[White "Xiao, Yiyi"]
[Black "Wang, Jue"]
[Result "1-0"]
[WhiteTitle "WFM"]
[BlackTitle "WGM"]
[WhiteElo "2248"]
[BlackElo "2353"]
[WhiteTeam "Shandong"]
[BlackTeam "Beijing"]
[WhiteFideId "8606161"]
[BlackFideId "8604070"]
[EventDate "2014.04.12"]

1. d4 d6 2. c4 e5 3. dxe5 dxe5 4. Qxd8+ Kxd8 5. Nf3 f6 6. g3 Be6 7. Nbd2 c6 8.
Bg2 Kc7 9. O-O Nd7 10. b3 a5 11. Ne4 a4 12. Bb2 a3 13. Bc3 Nh6 14. Rfd1 Nf5 15.
Rd2 Be7 16. Rad1 Rhd8 17. Ne1 Nh6 18. Nc2 Nf7 19. Bb4 Bxb4 20. Nxb4 Bf5 21. Nc2
h5 22. Ne3 Be6 23. Nd6 Nxd6 24. Rxd6 Nc5 25. Rxd8 Rxd8 26. Rxd8 Kxd8 27. Nc2 Bf5
28. Nxa3 Kc7 29. Kf1 Kb6 30. Ke1 Ka5 31. Kd2 Kb4 32. Nc2+ Bxc2 33. Kxc2 Ka3 34.
Bf3 g6 35. h4 Na6 36. g4 hxg4 37. Bxg4 f5 38. Bxf5 1-0

[Event "TCh-CHN Division A 2014"]
[Site "Jiaxing CHN"]
[Date "2014.09.12"]
[Round "14.1"]
[White "Xu, Huahua"]
[Black "Zhao, Xue"]
[Result "0-1"]
[WhiteTitle "WIM"]
[BlackTitle "GM"]
[WhiteElo "2106"]
[BlackElo "2514"]
[WhiteTeam "Shandong"]
[BlackTeam "Beijing"]
[WhiteFideId "8604096"]
[BlackFideId "8601283"]
[EventDate "2014.04.12"]

1. e4 d5 2. exd5 Qxd5 3. Nc3 Qd6 4. d4 Nf6 5. Bc4 g6 6. Nge2 a6 7. O-O Bg7 8.
Bf4 Qd8 9. a4 O-O 10. Qd2 a5 11. h3 Na6 12. Ng3 c6 13. Rad1 Nb4 14. Nce4 Nbd5
15. Bh6 Qc7 16. Rfe1 Rd8 17. Bxg7 Kxg7 18. Nxf6 exf6 19. Re4 Be6 20. c3 Qd7 21.
Bd3 Rh8 22. f4 f5 23. Re5 Qd6 24. Rf1 h5 25. Rf2 h4 26. Nf1 Nb6 27. Qc2 Nd7 28.
Ree2 c5 29. Bb5 Nf6 30. Re5 cxd4 31. Rd2 Rad8 32. Rxd4 Qb6 33. Qf2 Rxd4 34. cxd4
Rd8 35. Qxh4 Rxd4 36. Qf2 Qd6 37. Ng3 Qb4 38. Ne2 Rd1+ 39. Kh2 Qxb2 40. Qe3 Qa1
41. Nc3 Rh1+ 42. Kg3 Rc1 43. Rc5 Rxc3 44. Rxc3 Ne4+ 0-1

[Event "TCh-CHN Division A 2014"]
[Site "Jiaxing CHN"]
[Date "2014.09.12"]
[Round "14.2"]
[White "Ma, Qun"]
[Black "Ni, Hua"]
[Result "1/2-1/2"]
[WhiteTitle "GM"]
[BlackTitle "GM"]
[WhiteElo "2621"]
[BlackElo "2677"]
[WhiteTeam "Tianjing"]
[BlackTeam "Shanghai"]
[WhiteFideId "8603154"]
[BlackFideId "8601160"]
[EventDate "2014.04.12"]

1. c4 c6 2. Nf3 d5 3. e3 Nf6 4. Nc3 g6 5. d4 Bg7 6. Be2 O-O 7. O-O dxc4 8. Bxc4
Bg4 9. h3 Bxf3 10. Qxf3 Nbd7 11. Rd1 e5 12. d5 e4 13. Nxe4 Nxe4 14. Qxe4 Nb6 15.
Bb3 cxd5 16. Bxd5 Nxd5 17. Rxd5 Qb6 18. Qd3 Rad8 19. e4 Bd4 20. Be3 Bxe3 21.
fxe3 Rxd5 22. exd5 Re8 23. Re1 Qxb2 24. Re2 Qa1+ 25. Kf2 Qf6+ 26. Kg1 Qa1+ 27.
Kf2 Qf6+ 28. Kg1 Qa1+ 29. Kf2 Qf6+ 1/2-1/2